00394 a2200145 4500003000400000005001700004008004100021020001800062040000900080082001500089100003900104245006800143260002900211300000800240OSt20231108110252.0231108b |||||||| |||| 00| 0 eng d a9789391938161 coclc a297bKHA/S aKhalikh, Sheikh Abdul Rahman Abdul aSalafikalum Naalu Imaamumarum /cSheikh Abdurahman Abdul Khalid aKerala:bYuvatha,c2022. a55p